| 000 | 00314nam a2200109Ia 4500 | ||
|---|---|---|---|
| 008 | 220120s9999||||xx |||||||||||||| ||und|| | ||
| 100 |
_aKollapur, B.K _911673 |
||
| 245 | 0 | _aElements of Civil engineering and mechanics | |
| 260 |
_aEBPB book promotors _bBangalooru _c2011 |
||
| 300 | _b0 | ||
| 650 | _aELECTRICAL SCIENCE | ||
| 999 |
_c137086 _d137086 |
||